Khảo luận về thời đại Xuân Thu Chiến Quốc

Đã lưu trong:
Sonraí Bibleagrafaíochta
Príomhúdar: Ngô Nguyên Phi
Formáid: Leabhar
Teanga:Vietnamese
Foilsithe: Trẻ 1999
Clibeanna: Cuir Clib Leis
Gan Chlibeanna, Bí ar an gcéad duine leis an taifead seo a chlibeáil!
Thư viện lưu trữ: Mạng thư viện Đại học Đà Nẵng
LEADER 00639nam a2200253 4500
001 000022459
003 18907
005 20150506090544.0
008 150506s1999 viesd
020 |c 100000 
041 0 |a vie 
082 1 4 |a 895,101  |b NG-P 
100 1 |a Ngô Nguyên Phi 
245 1 0 |a Khảo luận về thời đại Xuân Thu Chiến Quốc  |c Ngô Nguyên Phi 
260 |b Trẻ  |c 1999 
300 |a tr.  |c cm. 
OWN |a LSP 
999 |a From the UDN01 
TYP |a Monograph 
TYP |a Printed language 
980 |a Mạng thư viện Đại học Đà Nẵng